| 000 | 00402nab a2200145Ia 4500 | ||
|---|---|---|---|
| 003 | ES-SlBCS | ||
| 005 | 20210601124959.0 | ||
| 008 | 140529s1992 xxu||||| |||| 00| 0 eng d | ||
| 041 | _aeng | ||
| 100 | 1 |
_aOchs, Peter _971384 |
|
| 245 | 0 | 4 |
_aThe Sentiment of Pragmatism _c Peter Ochs |
| 650 | 0 | 4 |
_aPragmatismo _992328 |
| 773 | 0 |
_tMonist, the _gvol. 75, nº. 4, 1992, págs. 551-568 _wRev1667 |
|
| 942 | _cAR | ||
| 999 |
_c522757 _d522757 |
||